| 000 | 00507cam a2200157 4500500 | ||
|---|---|---|---|
| 005 | 20260405001459.0 | ||
| 041 | _afre | ||
| 042 | _adc | ||
| 245 | 0 | 0 | _aL’État nous rend-il meilleurs ? Essai sur la liberté politique |
| 260 | _c2013. | ||
| 500 | _a4 | ||
| 690 | _aLiberté | ||
| 690 | _aRuwen Ogien | ||
| 786 | 0 | _nPhilosophie magazine | 68 | 4 | 2013-04-01 | p. 64-68 | 1951-1787 | |
| 856 | 4 | 1 | _uhttps://shs.cairn.info/magazine-philosophie-magazine-2013-4-page-64?lang=fr&redirect-ssocas=7080 |
| 999 |
_c2048122 _d2048120 |
||